[Event "Landesliga Nord 1112"]
[Site "Bayern"]
[Date "2012.04.15"]
[Round "9.3"]
[White "Strobel, Walter"]
[Black "Priborsky, Ivo"]
[Result "0-1"]
[WhiteElo "2104"]
[BlackElo "2239"]
[PlyCount "78"]
[EventDate "2011.10.02"]
[EventType "team-tourn"]
[EventRounds "9"]
[EventCountry "GER"]
[SourceTitle "EXT 2015"]
[Source "ChessBase"]
[SourceDate "2014.11.20"]
[SourceVersion "1"]
[SourceVersionDate "2014.11.20"]
[SourceQuality "1"]
[WhiteTeam "Klingenberg/Main"]
[BlackTeam "Bad Koetzting"]
[WhiteTeamCountry "GER"]
[BlackTeamCountry "GER"]

1. e4 g6 2. d4 Bg7 3. Nc3 d6 4. f4 Nc6 5. Bb5 Bd7 6. Be3 a6 7. Be2 e5 8. fxe5 dxe5 9. d5 Nd4 10. Nf3 c5 11. dxc6 Bxc6 12. 0-0 b5 13. a3 Ne7 14. Bd3 0-0 15. Kh1 Qd7 16. Qe1 a5 17. Qh4 Nxf3 18. Rxf3 b4 19. Ne2 f5 20. Bc4+ Kh8 21. Bg5 Ng8 22. Rh3 Nf6 23. Ng3 f4 24. Be6 Qb7 25. Nf5 gxf5 26. Bxf5 Bxe4 27. Bxe4 Qxe4 28. axb4 axb4 29. Re1 Qf5 30. Rd3 Rae8 31. Rd6 Ne4 32. Be7 Nxd6 33. Bxd6 Rf7 34. Bxb4 e4 35. Rd1 f3 36. g4 Qf4 37. Rd8 Rxd8 38. Qxd8+ Rf8 39. Qd1 f2 0-1

[Event "Landesliga Nord 0910"]
[Site "Bayern"]
[Date "2010.02.28"]
[Round "7.2"]
[White "Priborsky, Ivo"]
[Black "Stiller, Juergen"]
[Result "1-0"]
[WhiteElo "2245"]
[BlackElo "2159"]
[PlyCount "41"]
[EventDate "2009.10.18"]
[EventType "team-tourn"]
[EventRounds "9"]
[EventCountry "GER"]
[SourceTitle "EXT 2011"]
[Source "ChessBase"]
[SourceDate "2010.11.26"]
[SourceVersion "1"]
[SourceVersionDate "2010.11.26"]
[SourceQuality "1"]
[WhiteTeam "Koetzting"]
[BlackTeam "Nuernberg Sued SW"]
[WhiteTeamCountry "GER"]
[BlackTeamCountry "GER"]

1. e4 e6 2. d3 d5 3. Nd2 Nf6 4. Ngf3 c5 5. g3 Nc6 6. Bg2 Be7 7. 0-0 b6 8. Re1 Bb7 9. Qe2 Nb4 10. e5 Nxc2 11. exf6 Bxf6 12. Rb1 Nxe1 13. Qxe1 Qd6 14. Nf1 0-0 15. Bf4 Qc6 16. Ne3 Qb5 17. Qd1 Rfe8 18. Ng4 Be7 19. Nfe5 f5 20. a4 Qb4 21. Bd2 1-0

[Event "CZE-chT 0708"]
[Site "Czech Republic"]
[Date "2008.04.13"]
[Round "11.1"]
[White "Ftacnik, Lubomir"]
[Black "Priborsky, Ivo"]
[Result "1-0"]
[WhiteElo "2553"]
[BlackElo "2331"]
[PlyCount "73"]
[EventDate "2007.11.17"]
[EventType "team-tourn"]
[EventRounds "11"]
[EventCountry "CZE"]
[SourceTitle "EXT 2009"]
[Source "ChessBase"]
[SourceDate "2008.11.26"]
[SourceVersion "1"]
[SourceVersionDate "2008.11.26"]
[SourceQuality "1"]
[WhiteTeam "Turnov Zikuda"]
[BlackTeam "Plzen"]
[WhiteTeamCountry "CZE"]
[BlackTeamCountry "CZE"]

1. Nf3 Nf6 2. c4 g6 3. Nc3 Bg7 4. e4 d6 5. d4 0-0 6. Be2 e5 7. 0-0 exd4 8. Nxd4 Re8 9. f3 c6 10. Kh1 Nbd7 11. Bg5 Qb6 12. Nb3 a5 13. Qd2 a4 14. Be3 Qd8 15. Nd4 Nc5 16. Rfd1 Nfd7 17. Rab1 Be5 18. g3 Qa5 19. Bf1 Nf8 20. Qf2 Bd7 21. Bg2 Qb4 22. f4 Bg7 23. e5 Qxc4 24. Bf1 Qb4 25. Nc2 Qa5 26. Rxd6 b6 27. Rbd1 Bg4 28. R1d2 Rac8 29. Bg2 Re6 30. Rd8 Re8 31. Rxe8 Rxe8 32. Nd4 Nfe6 33. Nxc6 Qa6 34. h3 Bf5 35. g4 Bd3 36. f5 Nc7 37. Nb4 1-0

[Event "CZE-chT1W 0708"]
[Site "Czech Republic"]
[Date "2008.02.24"]
[Round "8.1"]
[White "Soukup, Jiri"]
[Black "Priborsky, Ivo"]
[Result "1-0"]
[WhiteElo "2265"]
[BlackElo "2331"]
[PlyCount "81"]
[EventDate "2007.10.28"]
[EventType "team"]
[EventRounds "11"]
[EventCountry "CZE"]
[SourceTitle "EXT 2009"]
[Source "ChessBase"]
[SourceDate "2008.11.26"]
[SourceVersion "1"]
[SourceVersionDate "2008.11.26"]
[SourceQuality "1"]
[WhiteTeam "Karlovy Vary"]
[BlackTeam "Plzen II"]
[WhiteTeamCountry "CZE"]
[BlackTeamCountry "CZE"]

1. d4 Nf6 2. c4 e6 3. Nf3 b6 4. g3 Ba6 5. Qc2 Bb7 6. Bg2 c5 7. 0-0 cxd4 8. Nxd4 Bxg2 9. Kxg2 Be7 10. Nc3 Qc8 11. Qa4 0-0 12. Bf4 Qb7+ 13. Kg1 Rc8 14. Rac1 a6 15. Rfd1 Nc6 16. Nf3 b5 17. cxb5 axb5 18. Qxb5 Qxb5 19. Nxb5 Rxa2 20. Be5 Rd8 21. Bc3 Ne4 22. Kf1 f6 23. Nfd4 Nxc3 24. bxc3 Ne5 25. Ra1 Rda8 26. Rab1 Kf7 27. Nc7 R8a7 28. Ndb5 R7a4 29. c4 Rxc4 30. f4 Re4 31. Nc3 Rc4 32. Nxa2 Rxc7 33. fxe5 fxe5 34. Rb5 d5 35. Nc1 e4 36. Nb3 Bf6 37. Nc5 Be7 38. Na6 Ra7 39. Rb6 Bd8 40. Rc6 Bg5 41. Nc7 1-0

[Event "CZE-chT1W 0708"]
[Site "Czech Republic"]
[Date "2008.01.06"]
[Round "5.1"]
[White "Priborsky, Ivo"]
[Black "Sabol, Marian"]
[Result "1/2-1/2"]
[WhiteElo "2331"]
[BlackElo "2333"]
[PlyCount "30"]
[EventDate "2007.10.28"]
[EventType "team"]
[EventRounds "11"]
[EventCountry "CZE"]
[SourceTitle "EXT 2009"]
[Source "ChessBase"]
[SourceDate "2008.11.26"]
[SourceVersion "1"]
[SourceVersionDate "2008.11.26"]
[SourceQuality "1"]
[WhiteTeam "Plzen II"]
[BlackTeam "Zajecice"]
[WhiteTeamCountry "CZE"]
[BlackTeamCountry "CZE"]

1. e4 e5 2. Nf3 Nc6 3. Bb5 a6 4. Ba4 Nf6 5. 0-0 Be7 6. Bxc6 dxc6 7. Qe1 c5 8. Nxe5 Qd4 9. Nf3 Qxe4 10. d3 Qxe1 11. Rxe1 h6 12. Nc3 Be6 13. Ne5 Bd6 14. Ng6 Rg8 15. Nf4 Bxf4 1/2-1/2

[Event "CZE-chT 0708"]
[Site "Czech Republic"]
[Date "2007.12.02"]
[Round "4.2"]
[White "Priborsky, Ivo"]
[Black "Markowski, Tomasz"]
[Result "1/2-1/2"]
[WhiteElo "2331"]
[BlackElo "2584"]
[PlyCount "135"]
[EventDate "2007.11.17"]
[EventType "team-tourn"]
[EventRounds "11"]
[EventCountry "CZE"]
[SourceTitle "EXT 2009"]
[Source "ChessBase"]
[SourceDate "2008.11.26"]
[SourceVersion "1"]
[SourceVersionDate "2008.11.26"]
[SourceQuality "1"]
[WhiteTeam "Plzen"]
[BlackTeam "Praha Mahrla"]
[WhiteTeamCountry "CZE"]
[BlackTeamCountry "CZE"]

1. e4 c5 2. Nf3 g6 3. c3 Bg7 4. d4 cxd4 5. cxd4 d5 6. exd5 Nf6 7. Nc3 0-0 8. Bc4 Nbd7 9. d6 exd6 10. 0-0 Nb6 11. Bb3 Bf5 12. Bf4 Ne4 13. Nd5 Be6 14. Nc3 Nxc3 15. bxc3 Bd5 16. Rc1 Rc8 17. Nd2 Re8 18. c4 Be6 19. Be3 Qh4 20. Qf3 Bxd4 21. Bxd4 Qxd4 22. Ne4 Bf5 23. Ng3 Be4 24. Rfd1 Bxf3 25. Rxd4 Bd5 26. f3 Kf8 27. a4 a5 28. Rc2 Re3 29. Rb2 Nxc4 30. Bxc4 Bxc4 31. Ne4 Ba6 32. Rxd6 Ra3 33. Rd7 Rxa4 34. Nd6 Rc1+ 35. Kf2 Rf4 36. Kg3 Rf6 37. Nxb7 Bxb7 38. Rbxb7 Rf5 39. h4 h5 40. Ra7 Rc2 41. Kh3 Kg7 42. Rdb7 Rc1 43. Kg3 Rc4 44. Kh3 Rcc5 45. Rd7 Rf4 46. Kg3 Rcc4 47. Rdb7 a4 48. Rd7 a3 49. Rxa3 Rxh4 50. Raa7 Rhf4 51. Rac7 h4+ 52. Kh3 Rxc7 53. Rxc7 g5 54. Rc3 Kg6 55. g3 hxg3 56. Kxg3 Ra4 57. Rc6+ f6 58. Rb6 Rf4 59. Ra6 Kh5 60. Rb6 Kh6 61. Ra6 Kg7 62. Ra7+ Kg6 63. Ra6 Rd4 64. Rb6 Kf5 65. Rb5+ Ke6 66. Rb6+ Rd6 67. Rxd6+ Kxd6 68. f4 1/2-1/2

[Event "CZE-chT 0708"]
[Site "Czech Republic"]
[Date "2007.11.18"]
[Round "2.1"]
[White "Priborsky, Ivo"]
[Black "Mista, Aleksander"]
[Result "0-1"]
[WhiteElo "2331"]
[BlackElo "2543"]
[PlyCount "150"]
[EventDate "2007.11.17"]
[EventType "team-tourn"]
[EventRounds "11"]
[EventCountry "CZE"]
[SourceTitle "EXT 2009"]
[Source "ChessBase"]
[SourceDate "2008.11.26"]
[SourceVersion "1"]
[SourceVersionDate "2008.11.26"]
[SourceQuality "1"]
[WhiteTeam "Plzen"]
[BlackTeam "Trinec"]
[WhiteTeamCountry "CZE"]
[BlackTeamCountry "CZE"]

1. e4 c5 2. Nf3 d6 3. d4 Nf6 4. Nc3 cxd4 5. Nxd4 a6 6. Be2 e5 7. Nb3 Be7 8. Bg5 Be6 9. Bxf6 Bxf6 10. Qd3 Nc6 11. 0-0-0 Qb6 12. Qxd6 Qxf2 13. Bh5 g6 14. Bf3 Rd8 15. Qc5 Nd4 16. Nxd4 Rc8 17. Qd6 exd4 18. Ne2 Rd8 19. Qf4 Qe3+ 20. Kb1 Qxf4 21. Nxf4 Be5 22. Nxe6 fxe6 23. h3 Rf8 24. Rhf1 Rf4 25. Bg4 Ke7 26. Rxf4 Bxf4 27. Rd3 Be5 28. Kc1 Rf8 29. Bf3 b5 30. Ra3 Ra8 31. Be2 Bd6 32. Rf3 Rc8 33. a4 bxa4 34. Bxa6 Rb8 35. Bc4 Rb4 36. Be2 Be5 37. Rd3 Kf6 38. Kb1 h5 39. Ka2 Kg5 40. g3 Kf6 41. Rf3+ Ke7 42. Rd3 Rb8 43. Bd1 Rb4 44. h4 Rc4 45. Kb1 Bf6 46. Rf3 Rb4 47. Ka2 Be5 48. Rd3 Rc4 49. Kb1 Rc8 50. g4 g5 51. gxh5 gxh4 52. Ka2 Rg8 53. Ka3 Rg1 54. Kxa4 h3 55. Rxh3 Rxd1 56. h6 Rd2 57. Kb3 Re2 58. c3 dxc3 59. bxc3 Rxe4 60. h7 Bh8 61. c4 Kd6 62. Kb4 Kc6 63. Rh6 Re3 64. Rg6 Bc3+ 65. Ka4 Kc5 66. Rg8 Rh3 67. Re8 Kd6 68. Rd8+ Kc7 69. Re8 Kd7 70. Ra8 Be5 71. Kb5 Rxh7 72. c5 Bc7 73. Ra1 e5 74. Rd1+ Ke6 75. Kc6 e4 0-1

[Event "CZE-chT1W 0708"]
[Site "Czech Republic"]
[Date "2007.10.28"]
[Round "1.1"]
[White "Priborsky, Ivo"]
[Black "Cech, Pavel"]
[Result "1/2-1/2"]
[WhiteElo "2331"]
[BlackElo "2430"]
[PlyCount "86"]
[EventDate "2007.10.28"]
[EventType "team"]
[EventRounds "11"]
[EventCountry "CZE"]
[SourceTitle "EXT 2009"]
[Source "ChessBase"]
[SourceDate "2008.11.26"]
[SourceVersion "1"]
[SourceVersionDate "2008.11.26"]
[SourceQuality "1"]
[WhiteTeam "Plzen II"]
[BlackTeam "Praha CSOB"]
[WhiteTeamCountry "CZE"]
[BlackTeamCountry "CZE"]

1. e4 e6 2. d4 d5 3. Nc3 Bb4 4. e5 c5 5. a3 Bxc3+ 6. bxc3 Ne7 7. Nf3 b6 8. Bb5+ Bd7 9. Bd3 Ba4 10. 0-0 c4 11. Be2 Nbc6 12. h4 h6 13. h5 Kd7 14. Nh4 g5 15. Nf3 Ng8 16. Nh2 f5 17. exf6 Nxf6 18. Bf3 Qg8 19. Re1 Re8 20. Qe2 Qh7 21. Ng4 Rhf8 22. Nxf6+ Rxf6 23. Bxd5 Qxc2 24. Qxc2 Bxc2 25. Bxc4 Ba4 26. Be3 Na5 27. Ba2 Rc8 28. Rac1 Nb3 29. Bxb3 Bxb3 30. Bd2 Rf5 31. Rb1 Bc4 32. Rb4 b5 33. f3 Rg8 34. Re4 Bd3 35. Re3 Bc4 36. Re4 Bd3 37. Re5 Rxe5 38. dxe5 Bc4 39. Kf2 Kc6 40. Be3 Kd5 41. Rb2 Kxe5 42. Rd2 Bd5 43. Bxa7 g4 1/2-1/2

[Event "Ceska Trebova op 3rd"]
[Site "Ceska Trebova"]
[Date "2007.08.14"]
[Round "6"]
[White "Priborsky, Ivo"]
[Black "Pecha, Tomas"]
[Result "1-0"]
[WhiteElo "2339"]
[BlackElo "2204"]
[PlyCount "69"]
[EventDate "2007.08.10"]
[EventType "swiss"]
[EventRounds "9"]
[EventCountry "CZE"]
[SourceTitle "CBM 119 Extra"]
[Source "ChessBase"]
[SourceDate "2007.09.04"]
[SourceVersion "1"]
[SourceVersionDate "2007.09.04"]
[SourceQuality "1"]

1. e4 e5 2. Nf3 Nc6 3. Bb5 a6 4. Ba4 Nf6 5. 0-0 Be7 6. Re1 b5 7. Bb3 d6 8. c3 0-0 9. h3 Na5 10. Bc2 c5 11. d4 Qc7 12. Nbd2 cxd4 13. cxd4 Nc6 14. Nb3 a5 15. Be3 a4 16. Nbd2 Bd7 17. Rc1 Qb7 18. Nf1 Rfe8 19. Ng3 h6 20. Qd2 Bf8 21. d5 Ne7 22. Qb4 Rec8 23. Bd3 Ne8 24. Rxc8 Rxc8 25. b3 axb3 26. Qxb3 Qa6 27. Rb1 Ra8 28. Rb2 Qa3 29. Bxb5 Qxb3 30. Rxb3 Bxb5 31. Rxb5 Rxa2 32. Rb8 Nf6 33. Nh4 Ra4 34. Nhf5 Nxf5 35. Nxf5 1-0

[Event "Pardubice Czech op"]
[Site "Pardubice"]
[Date "2007.07.25"]
[Round "6"]
[White "Jakubiec, Artur"]
[Black "Priborsky, Ivo"]
[Result "1-0"]
[WhiteElo "2541"]
[BlackElo "2339"]
[PlyCount "105"]
[EventDate "2007.07.20"]
[EventType "swiss"]
[EventRounds "9"]
[EventCountry "CZE"]
[SourceTitle "CBM 119 Extra"]
[Source "ChessBase"]
[SourceDate "2007.09.04"]
[SourceVersion "1"]
[SourceVersionDate "2007.09.04"]
[SourceQuality "1"]

1. f4 e5 2. e4 Qh4+ 3. g3 Qe7 4. Nc3 exf4 5. d4 fxg3 6. hxg3 d5 7. Bf4 c6 8. Qe2 Be6 9. 0-0-0 Nf6 10. e5 Nfd7 11. Nf3 Na6 12. Ng5 0-0-0 13. Nxe6 fxe6 14. Qg4 Qf7 15. Bd3 Be7 16. Rhf1 h5 17. Bg6 hxg4 18. Bxf7 Nc7 19. Bg6 Rdf8 20. Ne2 c5 21. Rh1 Rh3 22. c3 Rfh8 23. Rhf1 Nf8 24. Bd3 c4 25. Bc2 Rh2 26. Rde1 Kd7 27. Be3 g5 28. Rf7 Rg8 29. Kd1 Ke8 30. Ref1 b5 31. b3 a6 32. Bc1 Kd8 33. Ke1 a5 34. Bd2 Ng6 35. Kd1 Nh8 36. R7f2 Rh3 37. a4 cxb3 38. Bxb3 bxa4 39. Bxa4 Na8 40. c4 dxc4 41. Bxa5+ Kc8 42. Kd2 Kb7 43. Bb5 Nc7 44. Bxc4 Nd5 45. Rb1+ Ka7 46. Ra1 Kb7 47. Rff1 Ra8 48. Rfb1+ Kc8 49. Nc3 Rh2+ 50. Kd3 Nc7 51. Bxc7 Rxa1 52. Bxe6+ Kxc7 53. Nd5+ 1-0

[Event "Pardubice Czech op"]
[Site "Pardubice"]
[Date "2007.07.23"]
[Round "4"]
[White "Akesson, Ralf"]
[Black "Priborsky, Ivo"]
[Result "1-0"]
[WhiteElo "2477"]
[BlackElo "2339"]
[PlyCount "51"]
[EventDate "2007.07.20"]
[EventType "swiss"]
[EventRounds "9"]
[EventCountry "CZE"]
[SourceTitle "CBM 119 Extra"]
[Source "ChessBase"]
[SourceDate "2007.09.04"]
[SourceVersion "1"]
[SourceVersionDate "2007.09.04"]
[SourceQuality "1"]

1. Nf3 Nf6 2. c4 e6 3. Nc3 Bb4 4. g3 b6 5. Bg2 Bb7 6. d3 0-0 7. 0-0 d5 8. cxd5 Nxd5 9. Nxd5 Bxd5 10. e4 Bb7 11. Qe2 Nc6 12. d4 Nxd4 13. Nxd4 Qxd4 14. Rd1 Qe5 15. Bf4 Qa5 16. a3 Bd6 17. e5 Bxg2 18. Kxg2 Be7 19. Rd7 Rfe8 20. Rad1 c6 21. Qf3 Qb5 22. Bg5 Kf8 23. Qh5 h6 24. Bxh6 f6 25. Qg6 gxh6 26. Qxh6+ 1-0

[Event "Pardubice Czech op"]
[Site "Pardubice"]
[Date "2007.07.21"]
[Round "2"]
[White "Iskusnyh, Sergei"]
[Black "Priborsky, Ivo"]
[Result "1-0"]
[WhiteElo "2488"]
[BlackElo "2339"]
[PlyCount "95"]
[EventDate "2007.07.20"]
[EventType "swiss"]
[EventRounds "9"]
[EventCountry "CZE"]
[SourceTitle "CBM 119 Extra"]
[Source "ChessBase"]
[SourceDate "2007.09.04"]
[SourceVersion "1"]
[SourceVersionDate "2007.09.04"]
[SourceQuality "1"]

1. d4 Nf6 2. c4 e6 3. g3 Bb4+ 4. Bd2 Qe7 5. Nf3 Nc6 6. Nc3 0-0 7. Bg2 Bxc3 8. Bxc3 Ne4 9. Rc1 d6 10. d5 Nxc3 11. Rxc3 Nb8 12. 0-0 e5 13. Nd2 Bg4 14. b4 Nd7 15. Nb3 b6 16. c5 bxc5 17. bxc5 a5 18. Rc4 Bh5 19. g4 Bg6 20. Qd2 a4 21. cxd6 cxd6 22. Na5 Nb6 23. Nc6 Qc7 24. Rb4 Nd7 25. Rc1 Nc5 26. Nxe5 dxe5 27. Rbc4 Ra5 28. Qb4 Rc8 29. d6 Qa7 30. Bb7 Rd8 31. Rxc5 Rxc5 32. Rxc5 h6 33. Ra5 Qd4 34. Qxd4 exd4 35. Ra8 Rxa8 36. Bxa8 Kf8 37. a3 d3 38. exd3 Bxd3 39. Bc6 Bc2 40. f3 f6 41. Kf2 Kf7 42. Bd7 g5 43. Ke2 Bb3 44. Kd2 Kf8 45. Kd3 Bd1 46. Bc6 Kf7 47. Bd5+ Ke8 48. Kd2 1-0

[Event "Mitropa Cup 26th"]
[Site "Szeged"]
[Date "2007.05.12"]
[Round "5"]
[White "Bogner, Sebastian"]
[Black "Priborsky, Ivo"]
[Result "1-0"]
[WhiteElo "2345"]
[BlackElo "2370"]
[PlyCount "128"]
[EventDate "2007.05.08"]
[EventType "team-tourn"]
[EventRounds "9"]
[EventCountry "HUN"]
[SourceTitle "CBM 118 Extra"]
[Source "ChessBase"]
[SourceDate "2007.07.04"]
[SourceVersion "1"]
[SourceVersionDate "2007.07.04"]
[SourceQuality "1"]

1. Nf3 Nf6 2. c4 g6 3. Nc3 Bg7 4. e4 d6 5. d4 0-0 6. Be2 e5 7. Be3 Na6 8. 0-0 Ng4 9. Bg5 Qe8 10. c5 dxc5 11. Bxa6 bxa6 12. d5 Rb8 13. b3 f6 14. Bc1 Rf7 15. h3 Nh6 16. Be3 Rd7 17. Nd2 Nf7 18. Bxc5 Bf8 19. Bxa7 Ra8 20. Be3 Bb7 21. Nc4 Bb4 22. Na4 Nd6 23. Qc2 a5 24. a3 Nxc4 25. bxc4 Bf8 26. Rfb1 Ba6 27. c5 Rdd8 28. Nc3 Rdb8 29. f3 Kg7 30. Ra2 h5 31. Rab2 Rxb2 32. Rxb2 g5 33. g4 hxg4 34. hxg4 Kg6 35. Qh2 Kg7 36. Qc2 Be7 37. a4 Qd7 38. Qb1 Rh8 39. Rh2 Ra8 40. Kf2 Rh8 41. Rxh8 Kxh8 42. Qb8+ Kg7 43. Qa8 Bd3 44. Qxa5 Qc8 45. Qa7 Kg6 46. Kg2 Bf8 47. Bf2 Bc2 48. Nb5 Bxe4 49. Kg3 Bxd5 50. Qxc7 Qe6 51. Nd6 e4 52. Nxe4 Bxe4 53. fxe4 Qxe4 54. Qd7 Qe5+ 55. Kg2 Qe4+ 56. Kg1 Bxc5 57. Bxc5 Qe1+ 58. Kg2 Qe4+ 59. Kf1 Qc4+ 60. Ke1 Qc3+ 61. Ke2 Qe5+ 62. Be3 Qh2+ 63. Kd3 Qa2 64. Bd4 Qb1+ 1-0

[Event "Mitropa Cup 26th"]
[Site "Szeged"]
[Date "2007.05.08"]
[Round "1"]
[White "Schachinger, Mario"]
[Black "Priborsky, Ivo"]
[Result "1/2-1/2"]
[WhiteElo "2249"]
[BlackElo "2370"]
[PlyCount "37"]
[EventDate "2007.05.08"]
[EventType "team-tourn"]
[EventRounds "9"]
[EventCountry "HUN"]
[SourceTitle "CBM 118 Extra"]
[Source "ChessBase"]
[SourceDate "2007.07.04"]
[SourceVersion "1"]
[SourceVersionDate "2007.07.04"]
[SourceQuality "1"]

1. e4 c5 2. Nf3 d6 3. d4 Nf6 4. Nc3 cxd4 5. Nxd4 a6 6. Be3 Ng4 7. Bc1 Nf6 8. Be3 e5 9. Nb3 Be6 10. Qd2 Be7 11. f3 0-0 12. 0-0-0 Nbd7 13. g4 Nb6 14. g5 Nh5 15. Rg1 Rc8 16. Kb1 g6 17. h4 Qc7 18. Qf2 Nc4 19. Bxc4 1/2-1/2

[Event "CZE-chT1W 0607"]
[Site "Czech Republic"]
[Date "2007.04.01"]
[Round "11.1"]
[White "Kulhanek, Tomas"]
[Black "Priborsky, Ivo"]
[Result "0-1"]
[WhiteElo "2457"]
[BlackElo "2356"]
[PlyCount "74"]
[EventDate "2006.10.29"]
[EventType "team"]
[EventRounds "11"]
[EventCountry "CZE"]
[SourceTitle "EXT 2009"]
[Source "ChessBase"]
[SourceDate "2008.11.26"]
[SourceVersion "1"]
[SourceVersionDate "2008.11.26"]
[SourceQuality "1"]
[WhiteTeam "Novoborsky"]
[BlackTeam "Plzen II"]
[WhiteTeamCountry "CZE"]
[BlackTeamCountry "CZE"]

1. e4 e5 2. Nf3 Nc6 3. Bb5 a6 4. Ba4 Nf6 5. d3 d6 6. c3 g6 7. h3 Bg7 8. Bg5 h6 9. Bh4 b5 10. Bc2 Bb7 11. Nbd2 Qd7 12. Qe2 Nh5 13. 0-0-0 Nf4 14. Qf1 0-0 15. Bg3 Ne6 16. h4 h5 17. Ng5 Nxg5 18. hxg5 b4 19. f3 bxc3 20. bxc3 Qe7 21. Bh4 d5 22. Nb1 d4 23. c4 Nb4 24. Bb3 a5 25. Rd2 Bc6 26. g4 hxg4 27. fxg4 a4 28. Bd1 Rfb8 29. Rdh2 Rb6 30. a3 Rab8 31. axb4 Qxb4 32. Rc2 Qxb1+ 33. Kd2 a3 34. Bg3 a2 35. Qh3 a1Q 36. Ke2 Rb2 37. Rxb2 Rxb2+ 0-1

[Event "CZE-chT 0607"]
[Site "Czech Republic"]
[Date "2007.03.10"]
[Round "8.4"]
[White "Priborsky, Ivo"]
[Black "Velicka, Petr"]
[Result "0-1"]
[WhiteElo "2331"]
[BlackElo "2475"]
[PlyCount "70"]
[EventDate "2006.12.01"]
[EventType "team"]
[EventRounds "11"]
[EventCountry "CZE"]
[SourceTitle "EXT 2008"]
[Source "ChessBase"]
[SourceDate "2007.11.25"]
[SourceVersion "1"]
[SourceVersionDate "2007.11.25"]
[SourceQuality "1"]
[WhiteTeam "Plzen"]
[BlackTeam "Ostrava"]
[WhiteTeamCountry "CZE"]
[BlackTeamCountry "CZE"]

1. e4 c6 2. d4 d5 3. e5 Bf5 4. c4 e6 5. Nc3 Nd7 6. Nge2 dxc4 7. Ng3 Nb6 8. Nxf5 exf5 9. Be3 Bb4 10. Qc2 f4 11. Bxf4 Qxd4 12. Bg3 Nd5 13. Rd1 Bxc3+ 14. bxc3 Qxc3+ 15. Qxc3 Nxc3 16. Rc1 Nxa2 17. Rxc4 Ne7 18. Be2 a5 19. 0-0 Nb4 20. f4 Ned5 21. Bf2 b5 22. Rd4 Nc3 23. Bf3 Nbd5 24. Rc1 0-0 25. Be1 b4 26. Kf2 Rfc8 27. Rc4 g6 28. Bd2 Rab8 29. Ra1 a4 30. g3 a3 31. Bxc3 Nxc3 32. Rxc3 bxc3 33. Rxa3 Rb2+ 34. Ke3 c2 35. Rc3 Rb3 0-1

[Event "CZE-chT1W 0607"]
[Site "Czech Republic"]
[Date "2007.03.04"]
[Round "9.1"]
[White "Netusil, Miloslav"]
[Black "Priborsky, Ivo"]
[Result "0-1"]
[WhiteElo "2336"]
[BlackElo "2356"]
[PlyCount "70"]
[EventDate "2006.10.29"]
[EventType "team"]
[EventRounds "11"]
[EventCountry "CZE"]
[SourceTitle "EXT 2009"]
[Source "ChessBase"]
[SourceDate "2008.11.26"]
[SourceVersion "1"]
[SourceVersionDate "2008.11.26"]
[SourceQuality "1"]
[WhiteTeam "Praha CSOB"]
[BlackTeam "Plzen II"]
[WhiteTeamCountry "CZE"]
[BlackTeamCountry "CZE"]

1. d4 Nf6 2. c4 e6 3. Nc3 Bb4 4. e3 0-0 5. Bd3 d5 6. a3 Bxc3+ 7. bxc3 dxc4 8. Bxc4 c5 9. Nf3 Nc6 10. 0-0 Qc7 11. Be2 Rd8 12. Bb2 e5 13. Qc2 Bg4 14. dxe5 Nxe5 15. c4 Nxf3+ 16. gxf3 Bh3 17. Rfd1 Qc6 18. Qc3 Rxd1+ 19. Rxd1 Re8 20. Kh1 Kf8 21. e4 Re6 22. Rg1 Nh5 23. Rxg7 Nxg7 24. Qxg7+ Ke7 25. Qg5+ Ke8 26. Qg8+ Ke7 27. Bg7 Rg6 28. Bf8+ Ke6 29. Qxh7 Bg2+ 30. Kg1 Bxf3+ 31. Kf1 Bxe2+ 32. Kxe2 Qxe4+ 33. Kd2 Qd4+ 34. Ke2 Qxc4+ 35. Kd2 Qa2+ 0-1

[Event "CZE-chT1W 0607"]
[Site "Czech Republic"]
[Date "2007.01.07"]
[Round "5.1"]
[White "Vokac, Marek"]
[Black "Priborsky, Ivo"]
[Result "0-1"]
[WhiteElo "2507"]
[BlackElo "2356"]
[PlyCount "76"]
[EventDate "2006.10.29"]
[EventType "team"]
[EventRounds "11"]
[EventCountry "CZE"]
[SourceTitle "EXT 2009"]
[Source "ChessBase"]
[SourceDate "2008.11.26"]
[SourceVersion "1"]
[SourceVersionDate "2008.11.26"]
[SourceQuality "1"]
[WhiteTeam "Bohemians"]
[BlackTeam "Plzen II"]
[WhiteTeamCountry "CZE"]
[BlackTeamCountry "CZE"]

1. c4 Nf6 2. Nc3 d5 3. cxd5 Nxd5 4. Nf3 g6 5. h4 Bg7 6. h5 Nxc3 7. bxc3 c5 8. Qa4+ Qd7 9. Qf4 Qf5 10. Qc4 Be6 11. Qb5+ Nd7 12. Qa4 Bd5 13. hxg6 hxg6 14. Rxh8+ Bxh8 15. Bb2 Bc6 16. Qd1 0-0-0 17. Qc1 e5 18. d3 e4 19. dxe4 Qxe4 20. Nd2 Qg4 21. g3 Ne5 22. Qc2 Ba4 23. Qc1 Bg7 24. Nb3 Re8 25. Kd2 Nc4+ 26. Ke1 Ne5 27. Kd2 Rd8+ 28. Ke1 Qe4 29. Qe3 Qxe3 30. fxe3 Nc4 31. Nxc5 Nxb2 32. Kf2 Bc6 33. Bh3+ Kc7 34. Rc1 Nd1+ 35. Ke1 Bxc3+ 36. Kf1 Nxe3+ 37. Kg1 Bd4 38. Nd3 Rh8 0-1

[Event "CZE-chT 0607"]
[Site "Czech Republic"]
[Date "2006.12.17"]
[Round "6.5"]
[White "Petran, Peter"]
[Black "Priborsky, Ivo"]
[Result "0-1"]
[WhiteElo "2341"]
[BlackElo "2287"]
[PlyCount "102"]
[EventDate "2006.12.01"]
[EventType "team"]
[EventRounds "11"]
[EventCountry "CZE"]
[SourceTitle "CBM 115 Extra"]
[Source "ChessBase"]
[SourceDate "2007.01.10"]
[SourceVersion "1"]
[SourceVersionDate "2007.01.10"]
[SourceQuality "1"]
[WhiteTeam "Vysehrad"]
[BlackTeam "Plzen"]
[WhiteTeamCountry "CZE"]
[BlackTeamCountry "CZE"]

1. g3 d5 2. Bg2 e5 3. c4 dxc4 4. Qa4+ c6 5. Qxc4 Be6 6. Qc2 Nf6 7. d3 Be7 8. Nf3 0-0 9. 0-0 Nbd7 10. Bg5 Nd5 11. Bxe7 Qxe7 12. a3 a5 13. e4 Nc7 14. d4 Bg4 15. Nxe5 Nxe5 16. dxe5 Qxe5 17. h3 Be6 18. f4 Qd4+ 19. Qf2 Nb5 20. a4 Qxf2+ 21. Kxf2 Nd4 22. Nc3 Rfd8 23. Rfd1 Nb3 24. Rab1 Nc5 25. e5 Bf5 26. Ra1 Nd3+ 27. Ke2 Nxb2 28. Rxd8+ Rxd8 29. Be4 Bxh3 30. Rb1 Bg4+ 31. Bf3 Bxf3+ 32. Kxf3 Rd3+ 33. Kg4 Nc4 34. Ne4 b6 35. Nd6 Nxd6 36. exd6 Rxd6 37. Rxb6 g6 38. Ra6 Rd5 39. Kf3 Rc5 40. Ke3 Rc3+ 41. Kf2 Rc5 42. Ke3 h5 43. Kd4 Rc1 44. Rxa5 Rg1 45. Re5 Rxg3 46. Re3 c5+ 47. Kd3 c4+ 48. Kd4 Rxe3 49. Kxe3 h4 50. a5 h3 51. Kf2 h2 0-1